01004nas a2200241Ia 4500001001100000003000900011008004100020040001300061040001300074041001300087100003800100210002100138222002100159245009700180250001100277260003600288501008600324300001000410310001200420362003400432500026000466650003600726R022/42840IT-RoPAU151124c99999999xx |||||||||||| ||und|| aIT-RoPAU cIT-RoPAU aITALIANO aAA.VV. gCodice Aut. SPICS: 12000 aINFORMAZIONI MCS aInformazioni Mcs aINFORMAZIONI MCS, ANNO 03-N.01 (GENNAIO 1960)bInformazioni Mcs, Anno 03-N.01 (Gennaio 1960) a1a ed. aVICENZAbINFORMAZIONI MCSc1960 bPaulus - SPICS - Società San Paolo EM (non-commercial uses only)cCopyright2015 a24 p. aMENSILE aANNO 003, N.01 (GENNAIO 1960) aBollettino della Commissione Regionale Dello Spettacolo per le Diocesi Venete. Significato di un Decennio e di una Presenza: Continuazione del Discorso del Cardinal Siri nel X dell'Acec. Televisione dei Ragazzi. Situazione dei Piccoli e Minimi Esercizi e  aCINEMAvPUBBLICAZIONE PERIODICA